| 000 | 00817nam a2200265 4500 | ||
|---|---|---|---|
| 003 | EC-UNACH | ||
| 005 | 20241014152025.0 | ||
| 006 | s||||gr|||| 00| 00 | ||
| 008 | 150116t9999 mx r gr 000 0 spa d | ||
| 020 | _a978-9942-7059-5-2 | ||
| 040 |
_aEC-UNACH _cEC-UNACH |
||
| 041 | _aspa | ||
| 082 | 0 | 4 |
_223 _a808.83 _bL017672 |
| 100 | _aAlbuja Bayas, Marialuz | ||
| 245 | _aTal vez no fue así / Tormenta de arroz | ||
| 250 | _aPrimera Edición | ||
| 264 |
_aQuito - Ecuador _bEditorial Casa de la Cultura Ecuatoriana _c2023 |
||
| 300 |
_a163 páginas _c20 x 13 centímetros |
||
| 505 | _aEl texto es un monólogo | ||
| 700 |
_aTorre Guarderas, Sandra de la _eAutor |
||
| 942 |
_2ddc _c1 |
||
| 999 | _c13457 | ||